000 00672nam a22001937a 4500
999 _c173158
_d173158
005 20200219150215.0
010 _aB-12665
020 _c50.00
035 _aB-12665
037 _bBPPD/Pub.
082 _a615.535
100 _aمحمد اقترار حسین فاروقی
245 _aنباتات قورآن
_cمحمد اقترار حسین فاروقی
246 _aNabayat Quran: Ek Siyansi Jaizah (urdu) /
_bby Mohammed Iqtrar Hussain Farooqi
260 _bSabri Brothers
_c1996 ء
_aLahore
270 _aPehli Manzil, Ameen Medicine Market, Chowk Urdu Bazar
_bLahore
300 _a223p.
_c22cm(Hb)
942 _2ddc
_cUR
_h615.535
_mف ا ر